| 000 | 00896nam a2200241Ia 4500 | ||
|---|---|---|---|
| 003 | EC-GqESP | ||
| 005 | 20251031152707.0 | ||
| 008 | 250425s9999 xx 000 0 und d | ||
| 010 | _a27102 | ||
| 020 | _a9682437407 | ||
| 041 | _aspa | ||
| 082 |
_a631 _pDIR |
||
| 100 | _aPALTRINIERI, GAETANO | ||
| 245 | 0 | _aMANUALES PARA EDUCACION AGROPECUARIA TALLER DE LECHE | |
| 250 | _a2A ED. | ||
| 260 | _aMEXICO | ||
| 260 |
_aMéxico _bTRILLAS _c1990 |
||
| 300 | _a112 | ||
| 500 | _aarea: industrias rurales 31EN CIBGZ-FIMCP 50097/104 C.1.2 PARA ING. AGROP. | ||
| 520 | _aEN ESTE MANUAL SE TRATA LA MATERIA RELATIVA AL EQUIPO QUE SE UTILIZA EN EL TALLER DE LECHE PARA LA PREPARACION DE LOS DIFERENTES PRODUCTOS LACTEOS DERIVADOS.ESTE LIBRO CONTIENE:CONSTRUCCION GENERAL DEL TALLER, SUMINISTRO, SECCION DE RECEPCION, SECCION | ||
| 650 | _aINDUSTRIA LECHERA-EQUIPO Y APARATOS | ||
| 942 | _c01 | ||
| 999 |
_c215199 _d215199 |
||